[Event "Open A"]
[Site "Polanica-Zdroj"]
[Date "2017.08.21"]
[Round "3.8"]
[White "Nyvlt, Otto"]
[Black "Zaleski, Lukasz"]
[Result "1-0"]
[BlackElo "2267"]
[WhiteElo "1964"]
[LiveChessVersion "1.4.8"]

1. d4 {[%clk 1:30:56]} Nf6 {[%clk 1:30:43]} 2. c4 {[%clk 1:31:05]} e6
{[%clk 1:31:03]} 3. Nc3 {[%clk 1:29:38]} Bb4 {[%clk 1:31:23]} 4. a3
{[%clk 1:29:20]} Bxc3+ {[%clk 1:31:30]} 5. bxc3 {[%clk 1:29:48]} O-O
{[%clk 1:31:07]} 6. Nf3 {[%clk 1:29:29]} b6 {[%clk 1:29:54]} 7. Bg5
{[%clk 1:25:39]} Bb7 {[%clk 1:29:28]} 8. e3 {[%clk 1:23:29]} d6 {[%clk 1:28:57]}
9. Be2 {[%clk 1:19:03]} Nbd7 {[%clk 1:28:33]} 10. O-O {[%clk 1:18:54]} Qe8
{[%clk 1:25:12]} 11. Nd2 {[%clk 1:10:41]} e5 {[%clk 1:24:01]} 12. d5
{[%clk 1:05:31]} h6 {[%clk 1:08:18]} 13. Bh4 {[%clk 1:05:35]} c6 {[%clk 1:04:10]}
14. e4 {[%clk 1:02:32]} cxd5 {[%clk 0:56:17]} 15. cxd5 {[%clk 1:00:02]} Qc8
{[%clk 0:56:05]} 16. Qc2 {[%clk 0:46:05]} Ba6 {[%clk 0:50:37]} 17. Bxa6
{[%clk 0:35:15]} Qxa6 {[%clk 0:51:02]} 18. Bxf6 {[%clk 0:22:09]} Nxf6
{[%clk 0:51:24]} 19. h3 {[%clk 0:22:13]} Rac8 {[%clk 0:50:15]} 20. Rfe1
{[%clk 0:13:31]} Rc7 {[%clk 0:47:37]} 21. Re3 {[%clk 0:11:52]} Rfc8
{[%clk 0:47:42]} 22. Qb3 {[%clk 0:12:10]} Qa5 {[%clk 0:46:13]} 23. Rc1
{[%clk 0:11:42]} Nd7 {[%clk 0:45:26]} 24. Qb4 {[%clk 0:10:49]} Qc5
{[%clk 0:37:38]} 25. Qb2 {[%clk 0:06:50]} Nb8 {[%clk 0:29:57]} 26. c4
{[%clk 0:04:33]} Qa5 {[%clk 0:29:43]} 27. Qb4 {[%clk 0:02:36]} Rc5
{[%clk 0:29:44]} 28. Qb2 {[%clk 0:02:42]} Qa4 {[%clk 0:26:02]} 29. Rb3
{[%clk 0:02:20]} Na6 {[%clk 0:24:42]} 30. Rbc3 {[%clk 0:02:23]} R5c7
{[%clk 0:22:34]} 31. R1c2 {[%clk 0:02:28]} Nc5 {[%clk 0:21:44]} 32. Qc1
{[%clk 0:02:56]} Qa6 {[%clk 0:20:22]} 33. Kh2 {[%clk 0:02:39]} Nb7
{[%clk 0:19:03]} 34. Nf1 {[%clk 0:02:30]} Qa4 {[%clk 0:18:39]} 35. Ne3
{[%clk 0:02:56]} Nc5 {[%clk 0:16:39]} 36. f3 {[%clk 0:03:00]} Nb3
{[%clk 0:15:03]} 37. Qf1 {[%clk 0:02:19]} Nd4 {[%clk 0:14:44]} 38. Rd2
{[%clk 0:02:04]} Qa5 {[%clk 0:10:31]} 39. Rcd3 {[%clk 0:02:20]} Nb3
{[%clk 0:07:34]} 40. Rd1 {[%clk 0:32:26]} Nc5 {[%clk 0:37:39]} 41. R3d2
{[%clk 0:32:44]} Qxa3 {[%clk 0:36:16]} 42. Nf5 {[%clk 0:32:52]} Rd8
{[%clk 0:29:16]} 43. Re2 {[%clk 0:28:49]} Qa4 {[%clk 0:28:18]} 44. Re3
{[%clk 0:29:09]} Kh7 {[%clk 0:23:53]} 45. Ra1 {[%clk 0:29:36]} Qd7
{[%clk 0:24:13]} 46. f4 {[%clk 0:28:35]} g6 {[%clk 0:24:10]} 47. Ng3
{[%clk 0:28:20]} f6 {[%clk 0:18:16]} 48. fxe5 {[%clk 0:26:11]} fxe5
{[%clk 0:18:39]} 49. Rf3 {[%clk 0:26:22]} Kg7 {[%clk 0:18:15]} 50. Ra2
{[%clk 0:26:23]} Qe8 {[%clk 0:11:38]} 51. Raf2 {[%clk 0:26:47]} Qd7
{[%clk 0:03:36]} 52. Rf6 {[%clk 0:25:19]} Re8 {[%clk 0:03:13]} 53. Qe2
{[%clk 0:17:08]} Re7 {[%clk 0:01:58]} 54. h4 {[%clk 0:16:01]} Qe8
{[%clk 0:00:32]} 55. h5 {[%clk 0:14:35]} Rf7 {[%clk 0:00:32]} 56. Rxg6+
{[%clk 0:14:49]} Kh7 {[%clk 0:01:01]} 57. Nf5 {[%clk 0:14:55]} Kh8
{[%clk 0:00:44]} 58. Qe3 {[%clk 0:14:01]} Rh7 {[%clk 0:00:41]} 59. Nxd6
{[%clk 0:14:10]} Qe7 {[%clk 0:00:34]} 60. Qg3 {[%clk 0:11:15]} Rg7
{[%clk 0:00:31]} 61. Nf7+ {[%clk 0:10:01]} Qxf7 {[%clk 0:00:33]} 62. Rxf7 Rcxf7
63. Qxe5 {[%clk 0:10:12]} 1-0

[Event "Open A"]
[Site "Polanica-Zdroj"]
[Date "2017.08.21"]
[Round "3.9"]
[White "Dryja, Szymon"]
[Black "Kyc, Jerzy"]
[Result "1/2-1/2"]
[BlackElo "2251"]
[WhiteElo "1824"]
[LiveChessVersion "1.4.8"]

1. e4 c5 2. Nf3 d6 3. d4 cxd4 4. Nxd4 Nf6 5. Nc3 a6 6. Nb3 g6 7. Be2 Bg7 8. g4 h6
9. Be3 Nbd7 10. Qd2 b5 11. O-O-O Bb7 12. f3 b4 13. Na4 a5 14. Nd4 Rc8 15. Bb5 Qc7
16. h4 Rb8 17. h5 e5 18. Ne6 fxe6 19. Bb6 Qc8 20. Qxd6 Kf7 21. Ba7 Bxe4 22. fxe4
Rxb5 23. hxg6+ Kxg6 24. Qxe6 Nb8 25. Qb3 Nc6 26. Be3 Qg8 27. Qd3 Rb8 28. Qf1 Qc8
29. Nb6 Qe6 30. Nd5 Nxg4 31. Qh3 h5 32. Bc5 Bh6+ 33. Kb1 Bg5 34. Nc7 Qc4 35. Rd6+
Bf6 36. Rxc6 Qxe4 37. Re6 Rbc8 38. Bd6 Rh7 39. Qh4 a4 40. Rf1 Rf7 41. Qg3 b3 42.
Bxe5 bxc2+ 43. Kc1 Rcxc7 44. Rexf6+ Rxf6 45. Rxf6+ Kh7 46. Bxc7 Nxf6 47. Qe5 Qd3
48. Qe7+ Kg6 49. Qd6 Qc4 50. Bd8 Qf1+ 51. Kxc2 h4 52. b4 Qf5+ 53. Kc3 h3 54. b5
Qf3+ 55. Kb4 Qf4+ 56. Qxf4 Nd5+ 57. Kxa4 Nxf4 58. b6 h2 59. b7 h1=Q 60. b8=Q Qd1+
61. Ka3 Qd3+ 62. Ka4 Qc4+ 63. Ka3 Qd3+ 64. Ka4 1/2-1/2

[Event "Open A"]
[Site "Polanica-Zdroj"]
[Date "2017.08.21"]
[Round "3.10"]
[White "Bugalski, Michal"]
[Black "Lapaj, Mateusz"]
[Result "0-1"]
[BlackElo "2093"]
[WhiteElo "2250"]
[LiveChessVersion "1.4.8"]

1. c4 {[%clk 1:30:57]} Nf6 {[%clk 1:30:56]} 2. Nc3 {[%clk 1:31:09]} g6
{[%clk 1:31:20]} 3. g3 {[%clk 1:31:25]} Bg7 {[%clk 1:31:48]} 4. Bg2
{[%clk 1:31:48]} d6 {[%clk 1:32:05]} 5. Nf3 {[%clk 1:31:44]} O-O {[%clk 1:32:29]}
6. O-O {[%clk 1:32:09]} Nc6 {[%clk 1:32:56]} 7. Rb1 {[%clk 1:31:39]} a5
{[%clk 1:29:56]} 8. a3 {[%clk 1:31:56]} e5 {[%clk 1:30:14]} 9. b4
{[%clk 1:31:42]} axb4 {[%clk 1:30:09]} 10. axb4 {[%clk 1:32:10]} Re8
{[%clk 1:21:41]} 11. d3 {[%clk 1:26:03]} e4 12. dxe4 {[%clk 1:14:49]} Nxe4
{[%clk 1:22:29]} 13. Nxe4 {[%clk 1:15:16]} Rxe4 {[%clk 1:22:52]} 14. Nd2
{[%clk 1:14:10]} Re8 {[%clk 1:22:49]} 15. Bb2 {[%clk 1:13:25]} Bxb2
{[%clk 1:22:00]} 16. Rxb2 {[%clk 1:13:53]} Qf6 {[%clk 1:21:46]} 17. Rb3
{[%clk 1:00:27]} Nd4 {[%clk 0:45:20]} 18. Re3 {[%clk 1:00:42]} Rxe3
{[%clk 0:40:45]} 19. fxe3 {[%clk 1:00:55]} Nf5 {[%clk 0:40:57]} 20. Ne4
{[%clk 0:46:22]} Qb2 {[%clk 0:39:18]} 21. Qd5 {[%clk 0:33:30]} c6
{[%clk 0:35:35]} 22. Qd1 {[%clk 0:23:47]} Be6 {[%clk 0:34:38]} 23. Nxd6
{[%clk 0:15:33]} Nxe3 {[%clk 0:34:31]} 24. Qc1 {[%clk 0:15:56]} Qe5
{[%clk 0:25:54]} 25. Nxb7 {[%clk 0:13:03]} Nxf1 {[%clk 0:26:13]} 26. Na5
{[%clk 0:13:26]} Qe3+ {[%clk 0:25:42]} 27. Qxe3 {[%clk 0:13:47]} Nxe3
{[%clk 0:26:10]} 28. Nxc6 {[%clk 0:14:04]} Nxg2 0-1

[Event "Open A"]
[Site "Polanica-Zdroj"]
[Date "2017.08.21"]
[Round "3.11"]
[White "Kowalczyk, Rafal"]
[Black "Talik, Patryk"]
[Result "1-0"]
[BlackElo "2055"]
[WhiteElo "2222"]
[LiveChessVersion "1.4.8"]

1. e4 e6 2. d4 d5 3. Nc3 Bb4 4. exd5 exd5 5. Bd3 Nc6 6. a3 Be7 7. Nge2 Bf6 8. Be3
Nge7 9. O-O Nf5 10. Bxf5 Bxf5 11. Ng3 Qd7 12. Qf3 Be6 13. Nh5 O-O-O 14. Nxf6 gxf6
15. Qxf6 Rhg8 16. Ne2 Bf5 17. Nf4 {[%clk 0:15:53]} Bxc2 18. Rac1 Qf5 19. Qxf5+
Bxf5 20. f3 Na5 21. Rc3 Nc4 22. Bc1 c6 23. b3 Nb6 24. a4 Na8 {[%clk 0:03:39]} 25.
g4 {[%clk 0:05:25]} Nc7 26. Kf2 Bg6 27. h4 f6 {[%clk 0:02:18]} 28. Ba3
{[%clk 0:04:11]} Kd7 {[%clk 0:02:11]} 29. Bc5 {[%clk 0:02:02]} Rde8
{[%clk 0:00:38]} 30. Bxa7 {[%clk 0:00:54]} Ne6 {[%clk 0:01:03]} 31. Nxg6
{[%clk 0:00:34]} Rxg6 {[%clk 0:01:20]} 32. Re3 {[%clk 0:00:34]} Nc7
{[%clk 0:00:51]} 33. Rxe8 {[%clk 0:00:41]} Kxe8 {[%clk 0:01:03]} 34. Kg3
{[%clk 0:00:33]} Rg7 {[%clk 0:01:00]} 35. Kf4 {[%clk 0:00:37]} Re7
{[%clk 0:01:09]} 36. Bb6 {[%clk 0:00:32]} Ne6+ {[%clk 0:00:49]} 37. Kg3
{[%clk 0:00:57]} Ng7 {[%clk 0:01:06]} 38. Kf2 {[%clk 0:00:33]} Kf7
{[%clk 0:01:32]} 39. a5 {[%clk 0:00:32]} Ne8 {[%clk 0:01:37]} 40. Rc1
{[%clk 0:30:35]} f5 {[%clk 0:30:51]} 41. gxf5 {[%clk 0:24:50]} Nc7
{[%clk 0:19:25]} 42. Bxc7 {[%clk 0:22:42]} Rxc7 {[%clk 0:19:51]} 43. Kg3
{[%clk 0:22:27]} Rc8 {[%clk 0:11:50]} 44. Kf4 {[%clk 0:21:29]} Kf6
{[%clk 0:11:45]} 45. b4 {[%clk 0:21:35]} Ra8 46. Re1 {[%clk 0:21:54]} Kf7
{[%clk 0:05:42]} 47. Re6 {[%clk 0:22:06]} Rg8 {[%clk 0:03:57]} 48. Rh6
{[%clk 0:22:13]} c5 {[%clk 0:00:43]} 49. Rxh7+ {[%clk 0:22:20]} Kf6
{[%clk 0:01:07]} 50. bxc5 {[%clk 0:22:07]} b5 {[%clk 0:01:05]} 51. Rh6+
{[%clk 0:22:03]} 1-0

[Event "Open A"]
[Site "Polanica-Zdroj"]
[Date "2017.08.21"]
[Round "3.12"]
[White "Korbal, Arkadiusz"]
[Black "Kucharska, Honorata"]
[Result "1-0"]
[BlackElo "2041"]
[WhiteElo "2159"]
[LiveChessVersion "1.4.8"]

1. d4 {[%clk 1:30:56]} Nf6 {[%clk 1:30:47]} 2. c4 {[%clk 1:31:17]} d6
{[%clk 1:31:13]} 3. Nc3 {[%clk 1:31:37]} Nbd7 {[%clk 1:31:36]} 4. e4
{[%clk 1:31:29]} e5 {[%clk 1:31:58]} 5. Nf3 {[%clk 1:30:15]} Be7 {[%clk 1:32:12]}
6. Be2 {[%clk 1:30:13]} O-O {[%clk 1:32:04]} 7. O-O {[%clk 1:30:12]} Ne8
{[%clk 1:31:23]} 8. Be3 {[%clk 1:24:18]} c6 {[%clk 1:28:29]} 9. b4
{[%clk 1:16:41]} g6 {[%clk 1:23:49]} 10. Qb3 {[%clk 0:58:36]} Ng7
{[%clk 1:15:20]} 11. Rfd1 {[%clk 0:57:52]} Qe8 {[%clk 1:08:17]} 12. d5
{[%clk 0:54:48]} Nf6 {[%clk 1:02:40]} 13. c5 {[%clk 0:44:00]} cxd5
{[%clk 0:58:05]} 14. cxd6 {[%clk 0:39:45]} d4 {[%clk 0:50:35]} 15. dxe7
{[%clk 0:40:02]} Qxe7 {[%clk 0:50:58]} 16. Nxd4 {[%clk 0:38:54]} exd4
{[%clk 0:51:13]} 17. Bxd4 {[%clk 0:36:55]} Nxe4 {[%clk 0:36:59]} 18. Nd5
{[%clk 0:34:37]} Qg5 {[%clk 0:33:49]} 19. f4 {[%clk 0:29:14]} Qh4
{[%clk 0:26:10]} 20. Bf3 {[%clk 0:28:44]} Bg4 {[%clk 0:21:05]} 21. Bxe4
{[%clk 0:27:16]} Bxd1 {[%clk 0:21:21]} 22. Rxd1 {[%clk 0:27:38]} Ne6
{[%clk 0:19:01]} 23. Bf6 {[%clk 0:27:25]} 1-0

[Event "Open A"]
[Site "Polanica-Zdroj"]
[Date "2017.08.22"]
[Round "4.1"]
[White "Warakomski, Tomasz"]
[Black "Kucza, Karol"]
[Result "1-0"]
[BlackElo "2320"]
[WhiteElo "2536"]
[LiveChessVersion "1.4.8"]

1. e4 {[%clk 1:30:57]} e5 {[%clk 1:30:56]} 2. Nf3 {[%clk 1:31:10]} Nc6
{[%clk 1:31:20]} 3. Bc4 {[%clk 1:31:36]} Bc5 {[%clk 1:31:43]} 4. c3
{[%clk 1:30:49]} Nf6 {[%clk 1:32:07]} 5. d3 {[%clk 1:31:17]} d6 {[%clk 1:32:29]}
6. O-O {[%clk 1:31:19]} a6 {[%clk 1:32:53]} 7. a4 {[%clk 1:30:54]} O-O
{[%clk 1:32:26]} 8. Re1 {[%clk 1:30:05]} Ba7 {[%clk 1:31:41]} 9. h3
{[%clk 1:30:13]} Ne7 {[%clk 1:31:41]} 10. d4 {[%clk 1:28:00]} Ng6
{[%clk 1:24:47]} 11. Bb3 {[%clk 1:28:14]} h6 {[%clk 1:23:05]} 12. Nbd2
{[%clk 1:26:00]} Re8 {[%clk 1:22:36]} 13. Bc2 {[%clk 1:25:26]} Nh5
{[%clk 1:19:09]} 14. Nf1 {[%clk 1:22:32]} Nhf4 {[%clk 1:18:52]} 15. Ng3
{[%clk 1:15:54]} Qf6 {[%clk 1:14:17]} 16. Be3 {[%clk 1:11:21]} Nh4
{[%clk 0:54:11]} 17. Nxh4 {[%clk 1:11:10]} Qxh4 {[%clk 0:54:27]} 18. Qf3
{[%clk 1:10:28]} g6 {[%clk 0:40:05]} 19. Ne2 {[%clk 1:04:17]} Ne6
{[%clk 0:35:26]} 20. Rad1 {[%clk 1:00:54]} Ng5 {[%clk 0:30:41]} 21. Qg3
{[%clk 1:01:04]} Qxg3 {[%clk 0:30:43]} 22. Nxg3 {[%clk 1:01:24]} Kg7
{[%clk 0:30:58]} 23. a5 {[%clk 0:54:36]} Nh7 {[%clk 0:25:52]} 24. Ba4
{[%clk 0:49:30]} Re7 {[%clk 0:25:24]} 25. dxe5 {[%clk 0:48:20]} Rxe5
{[%clk 0:24:37]} 26. Bxa7 {[%clk 0:48:29]} Rxa7 {[%clk 0:25:00]} 27. b4
{[%clk 0:48:49]} Re7 {[%clk 0:23:03]} 28. f4 {[%clk 0:45:49]} Nf8
{[%clk 0:16:42]} 29. e5 {[%clk 0:33:25]} dxe5 {[%clk 0:14:17]} 30. Rd8
{[%clk 0:29:37]} Bd7 {[%clk 0:13:47]} 31. Bc2 {[%clk 0:30:04]} b6
{[%clk 0:12:10]} 32. f5 {[%clk 0:28:57]} Nh7 {[%clk 0:09:58]} 33. fxg6
{[%clk 0:26:18]} Nf6 {[%clk 0:06:47]} 34. gxf7 {[%clk 0:26:32]} Kxf7
{[%clk 0:07:12]} 35. axb6 {[%clk 0:23:05]} cxb6 {[%clk 0:07:38]} 36. Rb8
{[%clk 0:23:32]} Rc7 {[%clk 0:07:22]} 37. Rxb6 {[%clk 0:22:55]} Rxc3
{[%clk 0:07:36]} 38. Rxf6+ 1-0

[Event "Open A"]
[Site "Polanica-Zdroj"]
[Date "2017.08.22"]
[Round "4.2"]
[White "Shishkin, Vadim"]
[Black "Cyborowski, Lukasz"]
[Result "1/2-1/2"]
[BlackElo "2532"]
[WhiteElo "2454"]
[LiveChessVersion "1.4.8"]

1. d4 {[%clk 1:30:58]} Nf6 {[%clk 1:30:54]} 2. c4 {[%clk 1:31:23]} e6
{[%clk 1:31:15]} 3. Nc3 {[%clk 1:31:47]} d5 {[%clk 1:31:22]} 4. cxd5
{[%clk 1:32:08]} exd5 {[%clk 1:31:35]} 5. Bg5 {[%clk 1:32:24]} c6
{[%clk 1:31:29]} 6. e3 {[%clk 1:32:23]} Be7 {[%clk 1:31:35]} 7. Qc2
{[%clk 1:31:45]} Nbd7 {[%clk 1:31:10]} 8. Bd3 {[%clk 1:31:36]} Nh5
{[%clk 1:31:01]} 9. Bxe7 {[%clk 1:31:47]} Qxe7 {[%clk 1:31:26]} 10. Nf3
{[%clk 1:31:27]} Nf4 {[%clk 1:31:14]} 11. Bf1 {[%clk 1:31:10]} Nh5
{[%clk 1:30:34]} 12. Bd3 {[%clk 1:30:44]} Nf4 {[%clk 1:30:18]} 13. Bf1
{[%clk 1:30:41]} Nh5 {[%clk 1:30:42]} 14. Bd3 {[%clk 1:30:55]} 1/2-1/2

[Event "Open A"]
[Site "Polanica-Zdroj"]
[Date "2017.08.22"]
[Round "4.3"]
[White "Zielinski, Wojciech"]
[Black "Kowalczyk, Rafal"]
[Result "1/2-1/2"]
[BlackElo "2222"]
[WhiteElo "2105"]
[LiveChessVersion "1.4.8"]

1. Nf3 {[%clk 1:30:54]} Nf6 {[%clk 1:29:54]} 2. b3 {[%clk 1:31:18]} g6
{[%clk 1:26:53]} 3. Bb2 {[%clk 1:31:43]} Bg7 {[%clk 1:27:19]} 4. e3
{[%clk 1:31:57]} b6 {[%clk 1:22:09]} 5. Be2 {[%clk 1:32:04]} Bb7 {[%clk 1:21:51]}
6. O-O {[%clk 1:32:22]} O-O {[%clk 1:22:04]} 7. c4 {[%clk 1:32:39]} e6
{[%clk 1:20:21]} 8. d4 {[%clk 1:31:14]} Ne4 {[%clk 1:18:05]} 9. Nbd2
{[%clk 1:29:56]} d5 {[%clk 1:09:44]} 10. Rc1 {[%clk 1:27:33]} f5 {[%clk 1:01:44]}
11. Qc2 {[%clk 1:26:03]} c6 {[%clk 0:57:16]} 12. Ne5 {[%clk 1:23:10]} Nxd2
{[%clk 0:35:28]} 13. Qxd2 {[%clk 1:22:51]} Nd7 {[%clk 0:35:49]} 14. cxd5
{[%clk 1:17:57]} Nxe5 {[%clk 0:35:09]} 15. dxe5 {[%clk 1:18:20]} exd5
{[%clk 0:33:29]} 16. f4 {[%clk 1:15:39]} Qd7 {[%clk 0:26:38]} 17. Rfd1
{[%clk 1:12:47]} Rfe8 {[%clk 0:26:20]} 18. Bf3 {[%clk 1:11:05]} Qe6
{[%clk 0:19:08]} 19. b4 {[%clk 1:09:41]} Red8 {[%clk 0:14:40]} 20. a4
{[%clk 1:08:00]} Bf8 {[%clk 0:11:24]} 21. Bd4 {[%clk 1:03:20]} Rac8
{[%clk 0:11:19]} 22. Rb1 {[%clk 0:58:41]} Ba8 {[%clk 0:08:04]} 23. Qa2
{[%clk 0:53:56]} c5 {[%clk 0:07:29]} 24. bxc5 {[%clk 0:54:20]} bxc5
{[%clk 0:07:55]} 25. Bc3 {[%clk 0:53:31]} Kf7 {[%clk 0:07:29]} 26. Ba5
{[%clk 0:51:10]} Rd7 {[%clk 0:07:14]} 27. Be2 {[%clk 0:50:04]} c4
{[%clk 0:06:32]} 28. Bc3 {[%clk 0:49:19]} Bc6 {[%clk 0:00:39]} 29. a5
{[%clk 0:47:37]} Qe7 {[%clk 0:00:40]} 30. a6 {[%clk 0:43:59]} Qc5
{[%clk 0:00:33]} 31. Qd2 {[%clk 0:43:41]} Qa3 {[%clk 0:00:32]} 32. Ra1
{[%clk 0:39:27]} Qc5 {[%clk 0:01:00]} 33. Bf3 {[%clk 0:37:52]} Rb8
{[%clk 0:00:34]} 34. Rab1 {[%clk 0:35:35]} Rb5 {[%clk 0:00:34]} 35. Bd4
{[%clk 0:33:53]} Qe7 {[%clk 0:00:40]} 36. Rxb5 {[%clk 0:32:10]} Bxb5
{[%clk 0:01:08]} 37. Qa5 {[%clk 0:32:29]} Bc6 {[%clk 0:00:51]} 38. Rb1
{[%clk 0:32:22]} Qa3 {[%clk 0:00:34]} 39. Qe1 {[%clk 0:31:53]} Be7
{[%clk 0:00:35]} 40. g4 {[%clk 0:58:48]} Qxa6 {[%clk 0:30:33]} 41. gxf5
{[%clk 0:58:31]} gxf5 {[%clk 0:28:29]} 42. Bh5+ {[%clk 0:54:48]} Ke6
{[%clk 0:28:12]} 43. Qg3 {[%clk 0:52:54]} Qc8 {[%clk 0:28:14]} 44. Qg7
{[%clk 0:47:53]} Qf8 {[%clk 0:27:49]} 45. Qxh7 {[%clk 0:46:30]} Rd8
{[%clk 0:15:01]} 46. Qg6+ {[%clk 0:44:27]} Kd7 {[%clk 0:15:26]} 47. e6+
{[%clk 0:43:09]} Kd6 {[%clk 0:06:50]} 48. Be5+ {[%clk 0:40:47]} Kc5
{[%clk 0:07:15]} 49. Bg7 {[%clk 0:25:28]} Qg8 {[%clk 0:06:54]} 50. Qh6
{[%clk 0:21:53]} Rb8 {[%clk 0:03:15]} 51. Rxb8 {[%clk 0:19:11]} Qxb8
{[%clk 0:03:44]} 52. Bd4+ {[%clk 0:19:28]} Kb4 {[%clk 0:03:06]} 53. Qg7
{[%clk 0:17:51]} Qf8 {[%clk 0:01:51]} 54. Qg2 {[%clk 0:15:45]} 1/2-1/2

[Event "Open A"]
[Site "Polanica-Zdroj"]
[Date "2017.08.22"]
[Round "4.4"]
[White "Goluch, Piotr"]
[Black "Korbal, Arkadiusz"]
[Result "1-0"]
[BlackElo "2159"]
[WhiteElo "2360"]
[LiveChessVersion "1.4.8"]

1. d4 {[%clk 1:30:17]} Nf6 {[%clk 1:30:45]} 2. c4 {[%clk 1:30:42]} e6
{[%clk 1:25:07]} 3. g3 {[%clk 1:31:07]} c5 {[%clk 1:25:32]} 4. d5
{[%clk 1:31:10]} exd5 {[%clk 1:24:54]} 5. cxd5 {[%clk 1:31:36]} b5
{[%clk 1:23:26]} 6. e4 {[%clk 1:32:04]} Nxe4 {[%clk 1:11:09]} 7. Qe2
{[%clk 1:32:30]} Qe7 {[%clk 1:11:26]} 8. Bg2 {[%clk 1:32:54]} Nd6
{[%clk 1:09:15]} 9. Be3 {[%clk 1:29:03]} Na6 {[%clk 0:58:43]} 10. a4
{[%clk 1:28:10]} b4 {[%clk 0:54:57]} 11. Nd2 {[%clk 1:28:36]} Bb7
{[%clk 0:51:15]} 12. Nb3 {[%clk 1:24:16]} Nc7 {[%clk 0:35:34]} 13. Bxc5
{[%clk 1:08:18]} Qxe2+ {[%clk 0:28:25]} 14. Nxe2 {[%clk 1:08:45]} Na6
{[%clk 0:28:05]} 15. Bd4 {[%clk 1:02:20]} Nf5 {[%clk 0:26:50]} 16. Na5
{[%clk 1:02:31]} Nxd4 {[%clk 0:25:10]} 17. Nxd4 {[%clk 0:59:38]} O-O-O
{[%clk 0:20:57]} 18. Nxb7 {[%clk 0:57:15]} Kxb7 {[%clk 0:20:40]} 19. d6+
{[%clk 0:57:15]} Kb8 {[%clk 0:19:36]} 20. Nb5 {[%clk 0:56:35]} Re8+
{[%clk 0:17:25]} 21. Kd1 {[%clk 0:56:59]} Re6 {[%clk 0:15:46]} 22. Re1
{[%clk 0:57:22]} g6 {[%clk 0:15:37]} 23. Rxe6 {[%clk 0:56:23]} fxe6
{[%clk 0:15:54]} 24. Rc1 {[%clk 0:56:14]} b3 {[%clk 0:07:54]} 25. Rc4
{[%clk 0:56:32]} Bg7 {[%clk 0:07:11]} 26. f4 {[%clk 0:55:14]} Rc8
{[%clk 0:06:41]} 27. Nc7 {[%clk 0:55:30]} Rxc7 {[%clk 0:05:22]} 28. dxc7+
{[%clk 0:55:54]} Nxc7 {[%clk 0:05:48]} 29. Rb4+ {[%clk 0:56:13]} Kc8
{[%clk 0:06:05]} 30. Rxb3 {[%clk 0:56:39]} d5 {[%clk 0:06:01]} 31. Kd2
{[%clk 0:54:52]} Na6 {[%clk 0:05:36]} 32. Bh3 {[%clk 0:54:39]} Nc5
{[%clk 0:04:58]} 33. Rb5 {[%clk 0:52:29]} Nxa4 {[%clk 0:02:39]} 34. Bxe6+
{[%clk 0:52:44]} Kc7 {[%clk 0:03:01]} 35. Bxd5 {[%clk 0:53:02]} Kd6
{[%clk 0:01:40]} 36. Rb7 {[%clk 0:52:15]} Bd4 {[%clk 0:01:48]} 37. Rb4
{[%clk 0:49:24]} Kxd5 {[%clk 0:02:01]} 38. Rxa4 {[%clk 0:49:49]} Bg1
{[%clk 0:00:44]} 39. Ke2 {[%clk 0:50:16]} 1-0

[Event "Open A"]
[Site "Polanica-Zdroj"]
[Date "2017.08.22"]
[Round "4.5"]
[White "Lapaj, Mateusz"]
[Black "Nyvlt, Otto"]
[Result "1-0"]
[BlackElo "1964"]
[WhiteElo "2093"]
[LiveChessVersion "1.4.8"]

1. e4 {[%clk 1:29:26]} g6 {[%clk 1:30:46]} 2. d4 {[%clk 1:28:53]} Bg7
{[%clk 1:31:02]} 3. c4 {[%clk 1:26:15]} d6 {[%clk 1:31:01]} 4. Nc3
{[%clk 1:26:39]} Nf6 {[%clk 1:28:11]} 5. f3 {[%clk 1:22:38]} O-O {[%clk 1:26:54]}
6. Be3 {[%clk 1:23:04]} c6 {[%clk 1:14:45]} 7. Qd2 {[%clk 1:22:32]} a6
{[%clk 1:06:46]} 8. O-O-O {[%clk 1:20:54]} b5 {[%clk 1:06:41]} 9. Bh6
{[%clk 1:19:02]} Qa5 {[%clk 1:00:17]} 10. Kb1 {[%clk 1:17:42]} bxc4
{[%clk 0:52:23]} 11. h4 {[%clk 0:45:20]} Re8 {[%clk 0:25:45]} 12. Bxg7
{[%clk 0:45:38]} Kxg7 {[%clk 0:26:14]} 13. h5 {[%clk 0:40:01]} gxh5
{[%clk 0:18:37]} 14. Bxc4 {[%clk 0:37:18]} h6 {[%clk 0:14:58]} 15. g4
{[%clk 0:32:54]} Qg5 {[%clk 0:12:07]} 16. f4 {[%clk 0:31:25]} Qxg4
{[%clk 0:12:09]} 17. Nh3 {[%clk 0:25:34]} Qg6 {[%clk 0:11:56]} 18. f5
{[%clk 0:20:17]} Qh7 {[%clk 0:12:25]} 19. Bd3 {[%clk 0:14:18]} e5
{[%clk 0:11:19]} 20. fxe6 {[%clk 0:14:32]} Bxe6 {[%clk 0:11:45]} 21. e5
{[%clk 0:14:53]} Bc8 1-0

[Event "Open A"]
[Site "Polanica-Zdroj"]
[Date "2017.08.22"]
[Round "4.6"]
[White "Baumann, Dariusz"]
[Black "Voloshin, Leonid"]
[Result "1/2-1/2"]
[BlackElo "2369"]
[WhiteElo "2067"]
[LiveChessVersion "1.4.8"]

1. d4 {[%clk 1:30:01]} Nf6 {[%clk 1:30:54]} 2. Nf3 {[%clk 1:30:12]} e6
{[%clk 1:29:46]} 3. c4 {[%clk 1:30:30]} Bb4+ {[%clk 1:29:25]} 4. Bd2
{[%clk 1:30:30]} Qe7 {[%clk 1:29:08]} 5. g3 {[%clk 1:30:18]} Nc6 {[%clk 1:27:31]}
6. Bg2 {[%clk 1:29:53]} Bxd2+ {[%clk 1:27:52]} 7. Nbxd2 {[%clk 1:29:49]} d6
{[%clk 1:28:05]} 8. O-O {[%clk 1:28:38]} a5 {[%clk 1:28:19]} 9. h3
{[%clk 1:25:28]} O-O {[%clk 1:27:48]} 10. e4 {[%clk 1:20:10]} e5 {[%clk 1:28:07]}
11. d5 {[%clk 1:20:13]} Nb8 {[%clk 1:26:45]} 12. Ne1 {[%clk 1:19:25]} Na6
{[%clk 1:20:47]} 13. Nd3 {[%clk 1:17:50]} c6 {[%clk 1:16:29]} 14. Qe2
{[%clk 1:13:18]} Bd7 {[%clk 1:06:17]} 15. f4 {[%clk 1:06:24]} exf4
{[%clk 1:05:08]} 16. Nxf4 {[%clk 0:56:00]} Nc5 {[%clk 0:58:57]} 17. Rae1
{[%clk 0:50:12]} Rfe8 {[%clk 0:55:02]} 18. b3 {[%clk 0:32:41]} Qe5
{[%clk 0:30:56]} 19. Nf3 {[%clk 0:28:49]} Qc3 {[%clk 0:28:57]} 20. Rc1
{[%clk 0:18:59]} Qb4 {[%clk 0:28:20]} 21. e5 {[%clk 0:14:37]} cxd5
{[%clk 0:23:26]} 22. Qb2 {[%clk 0:12:56]} dxe5 {[%clk 0:18:50]} 23. Nxe5
{[%clk 0:12:46]} Qb6 {[%clk 0:11:24]} 24. Kh2 {[%clk 0:12:40]} dxc4
{[%clk 0:09:59]} 25. Nxc4 {[%clk 0:09:29]} Qc7 {[%clk 0:09:40]} 26. Qf2
{[%clk 0:08:33]} Be6 {[%clk 0:04:08]} 27. Rfd1 {[%clk 0:05:55]} Rad8
{[%clk 0:01:25]} 28. Rxd8 Rxd8 29. Nxa5 {[%clk 0:05:13]} Qxa5 {[%clk 0:01:55]}
30. Rxc5 {[%clk 0:04:50]} Qa6 {[%clk 0:01:06]} 1/2-1/2